La contabilidad en la administración de empresas (Registro nro. 1054)
[ vista simple ]
| 000 -LEADER | |
|---|---|
| fixed length control field | 01620 a2200205 4500 |
| 001 - CONTROL NUMBER | |
| control field | 22770 |
| 005 - DATE AND TIME OF LATEST TRANSACTION | |
| control field | 20260407155517.0 |
| 008 - FIXED-LENGTH DATA ELEMENTS--GENERAL INFORMATION | |
| fixed length control field | 260407a1976 arg spa d |
| 003 - CONTROL NUMBER IDENTIFIER | |
| control field | AR-UNSa-BCEJYS |
| 040 ## - CATALOGING SOURCE | |
| Original cataloging agency | AR-UNSa-BCEJYS |
| Language of cataloging | spa |
| Transcribing agency | AR-UNSa-BCEJYS |
| 080 ## - UNIVERSAL DECIMAL CLASSIFICATION NUMBER | |
| Universal Decimal Classification number | 657 |
| Common auxiliary subdivision | Contabilidad |
| 100 1# - MAIN ENTRY--PERSONAL NAME | |
| Personal name | Anthony, Robert N. |
| 245 10 - TITLE STATEMENT | |
| Title | La contabilidad en la administración de empresas |
| Name of part/section of a work | texto y casos |
| 264 #1 - PRODUCTION, PUBLICATION, DISTRIBUTION, MANUFACTURE, AND COPYRIGHT NOTICE | |
| Place of production, publication, distribution, manufacture | México : |
| Name of producer, publisher, distributor, manufacturer | Unión Tipográfica Editorial Hispano-Americana (UTEHA) |
| Date of production, publication, distribution, manufacture, or copyright notice | 1976 |
| 300 ## - PHYSICAL DESCRIPTION | |
| Extent | xiv, 721 p. |
| Dimensions | 23 cm. |
| 505 ## - FORMATTED CONTENTS NOTE | |
| Formatted contents note | Parte I: Principios de contabilidad financiera : 1. Uso de la información contable por la administración - 2. Conceptos contables básicos - 3. Introducción a la medición de los ingresos - 4. Registros y sistemas contables - 5. Otros aspectos de la medición de ingresos - 6. Activos fijo y depreciación - 7. La medición de ingresos en las compañías - 8. Las acciones de capital, el superávit y los bonos - 9. El problema del nivel de precios - 10. Repaso de contabilidad financiera - Parte II: La contabilidad y el control administrativo: 11. Análisis de estados financieros - 12. Estados de movimiento de fondos - 13. Conceptos relativos al control - 14. Fundamentos de la contabilidad de costos - 15. Comparación de lo real y lo estándar - Parte III: La contabilidad en la administración para planificación : 17. La decisión entre cursos alternativos de acción - 18. Planeación de inversiones en activo fijo - 19. Nuevos horizontes de la contabilidad - 20. Casos de repaso. |
| 590 ## - LOCAL NOTE (RLIN) | |
| Local note | niveau_biblio:m niveau_hierar:0 |
| 700 1# - ADDED ENTRY--PERSONAL NAME | |
| Personal name | Fagoaga C., Manuel |
| 942 ## - ADDED ENTRY ELEMENTS (KOHA) | |
| Koha item type | |
| Withdrawn status | Lost status | Damaged status | Not for loan | Home library | Current library | Shelving location | Date acquired | Total checkouts | Full call number | Barcode | Date last seen | Price effective from | Koha item type |
|---|---|---|---|---|---|---|---|---|---|---|---|---|---|
| Biblioteca Prof. Eusebio Cleto del Rey | Biblioteca Prof. Eusebio Cleto del Rey | 07/04/2026 | 657 A628/1976 | L33314 | 07/04/2026 | 07/04/2026 | Libro | ||||||
| Biblioteca Prof. Eusebio Cleto del Rey | Biblioteca Prof. Eusebio Cleto del Rey | 07/04/2026 | 657 A628/1976 | L53400 | 07/04/2026 | 07/04/2026 | Libro |